000 00444nam a2200121Ia 4500
008 220620s9999||||xx |||||||||||||| ||und||
100 _aTheo van de Ven||Louis Godbout
245 0 _aCellulose - Fundamental Aspects
546 _aEnglish[eng]
650 _aPhysical Sciences||Engineering and Technology||Chemistry||Bioorganic Chemistry||Organic Chemistry
856 _uhttps://www.intechopen.com/books/cellulose-fundamental-aspects
942 _cEB
999 _c31706
_d31706